Analýza vybraných procesů odvodnění urbanizovaných celků /

Hlavní autor: Mičín, Jan, 1951-2008
Další autoři: Prax, Petr, 1962-
Jazyk: Čeština
Vydáno: Brno : Akademické nakladatelství CERM, 2003
Témata:
Externí odkaz: Digitalizovaný dokument
Fyzický popis: 132 s. : il. ; 25 cm
Knihy
Uloženo v:
LEADER 01620nam a2200421 a 4500
001 000673653
003 CZ BrMZK
005 20100402112707.0
007 ta
008 030613s2003 xr a f 000 0 cze d
015 |a cnb001252250 
020 |a 80-7204-279-3  |q (brož.) 
035 |a (OCoLC)53503459 
040 |a BOA001  |b cze 
043 |a e-xr--- 
072 7 |a 628  |x Sanitární technika. Vodárenství. Odpadové hospodářství. Světelná technika  |2 Konspekt  |9 19 
080 |a 556.013  |2 MRF 
080 |a 626.86  |2 MRF 
080 |a 627.513/.516  |2 MRF 
080 |a 628.2  |2 MRF 
080 |a (437.3)  |2 MRF 
080 |a (082)  |2 MRF 
100 1 |a Mičín, Jan,  |d 1951-2008  |7 mzk2003188999  |4 aut 
245 1 0 |a Analýza vybraných procesů odvodnění urbanizovaných celků /  |c Jan Mičín, Petr Prax a kolektiv 
260 |a Brno :  |b Akademické nakladatelství CERM,  |c 2003 
300 |a 132 s. :  |b il. ;  |c 25 cm 
504 |a Obsahuje bibliografie 
500 |a Dostupné též v digitální podobě v aplikaci Kramerius 
650 0 7 |a odvodňování  |7 ph200799  |2 czenas 
650 0 7 |a protipovodňová ochrana  |7 ph124676  |z Česko  |2 czenas 
650 0 7 |a stokování  |7 ph126110  |2 czenas 
650 0 7 |a hydrologické modely  |7 ph194818  |2 czenas 
655 7 |a sborníky  |7 fd163935  |2 czenas 
700 1 |a Prax, Petr,  |d 1962-  |7 mzk2002160642  |4 aut 
856 4 1 |u http://www.digitalniknihovna.cz/mzk/uuid/uuid:41015cd0-39cf-11e5-8851-005056827e51  |y Digitalizovaný dokument  |x NDK 
910 |a BOA001  |b 2-1121.217 
990 |a BK 
996 6 |b 2610194102  |c 2-1121.217  |l MZK  |r Sklad / do 1 hodiny  |n 2  |p p.v.  |w 000673653  |u 000010  |a 1  |e BOA001  |j MZK50  |s P